[Event "Main Tournament (HTO)"]
[Site "Biel/Bienne"]
[Date "2023.07.18"]
[Round "2.18"]
[White "Kuenzli, Simon"]
[Black "Sleczka, Bartosz"]
[Result "1-0"]
[WhiteElo "1930"]
[BlackElo "1824"]
[PlyCount "89"]
[EventDate "2023.07.17"]

1. e4 Nf6 2. Nc3 e5 3. Nf3 Bb4 4. Nxe5 Qe7 5. Nd3 Bxc3 6. dxc3 Nxe4 7. Be2 O-O 8. O-O d5 9. Nf4 c6 10. Be3 Nd7 11. Re1 f5 12. Qd4 g5 13. Nd3 f4 14. Bc1 Ndf6 15. f3 Nd6 16. a4 Nf5 17. Qf2 h6 18. b3 Re8 19. Bf1 Qc7 20. Rxe8+ Nxe8 21. Bd2 b6 22. Re1 Ba6 23. Nxf4 Bxf1 24. Ne6 Qd6 25. Qxf1 c5 26. Qd3 Neg7 27. Nxg7 Nxg7 28. g3 Rf8 29. f4 Rf5 30. g4 Rxf4 31. Bxf4 gxf4 32. Rd1 d4 33. cxd4 Kf7 34. c4 Kf6 35. dxc5 Qxc5+ 36. Qd4+ Kg5 37. Qxc5+ bxc5 38. h3 Ne6 39. Rd5+ Kh4 40. Kh2 Ng5 41. Rd6 Nf3+ 42. Kg2 Nd4 43. Rd5 f3+ 44. Kh2 f2 45. Rh5# 1-0

[Event "Main Tournament (HTO)"]
[Site "Biel/Bienne"]
[Date "2023.07.18"]
[Round "2.19"]
[White "Oestmann, Lukas"]
[Black "Federer, Colin"]
[Result "1-0"]
[WhiteElo "1760"]
[BlackElo "1866"]
[PlyCount "73"]
[EventDate "2023.07.17"]

1. e4 c5 2. Nf3 d6 3. d4 cxd4 4. Nxd4 Nf6 5. Nc3 a6 6. f4 g6 7. Nf3 Nbd7 8. e5 dxe5 9. fxe5 Ng4 10. e6 fxe6 11. Ng5 Ngf6 12. Bc4 Qb6 13. Qe2 Nc5 14. O-O Bh6 15. Kh1 Bxg5 16. Bxg5 O-O 17. Rab1 Qc6 18. a4 Bd7 19. b4 Nce4 20. Nxe4 Qxe4 21. Rxf6 Qxe2 22. Rxf8+ Rxf8 23. Bxe2 Bxa4 24. Bd3 Rc8 25. Ra1 Bc6 26. Bxe7 Bd5 27. h3 Re8 28. Bg5 e5 29. Ra5 Bc6 30. Be3 Kg7 31. Rc5 Kf6 32. Kg1 Ke6 33. Bxa6 Kd6 34. Bd3 Ra8 35. Ra5 Re8 36. c4 Bd7 37. Be4 1-0

[Event "Main Tournament (HTO)"]
[Site "Biel/Bienne"]
[Date "2023.07.18"]
[Round "2.20"]
[White "Scherler, Julius"]
[Black "Tkhoruk, Roman"]
[Result "1-0"]
[WhiteElo "1860"]
[BlackElo "1803"]
[PlyCount "63"]
[EventDate "2023.07.17"]

1. e4 c6 2. Nf3 d5 3. d3 dxe4 4. dxe4 Qxd1+ 5. Kxd1 Nf6 6. Nfd2 g6 7. f3 Bg7 8. c3 O-O 9. Kc2 Nbd7 10. a4 Rd8 11. a5 Nf8 12. b4 h5 13. Nb3 Be6 14. Be3 Bxb3+ 15. Kxb3 N8h7 16. Nd2 g5 17. Nc4 Nd7 18. Be2 Ne5 19. Rhd1 Nxc4 20. Bxc4 Be5 21. g3 a6 22. f4 gxf4 23. gxf4 Bc7 24. Rg1+ Kf8 25. e5 Bb8 26. f5 Bxe5 27. Bh6+ Ke8 28. Rae1 Bxh2 29. Rg7 h4 30. Be6 Nf8 31. Rxf7 Nd7 32. Rh7 1-0

[Event "Main Tournament (HTO)"]
[Site "Biel/Bienne"]
[Date "2023.07.18"]
[Round "2.21"]
[White "Paholok, Igor"]
[Black "Al Maamari, Wafia Darwish"]
[Result "0-1"]
[WhiteElo "1710"]
[BlackElo "1850"]
[PlyCount "78"]
[EventDate "2023.07.17"]

1. d4 Nf6 2. Nf3 e6 3. e3 d5 4. Bd3 c5 5. c3 Nc6 6. Nbd2 Bd6 7. O-O O-O 8. dxc5 Bxc5 9. e4 e5 10. exd5 Qxd5 11. Qc2 Bg4 12. Ng5 h6 13. Nge4 Be7 14. Nxf6+ Bxf6 15. Ne4 Bh4 16. b3 Rac8 17. Bc4 Qd7 18. Ba3 Be7 19. Bc1 Na5 20. f3 Bh5 21. Rd1 Qc7 22. Bd3 Bg6 23. Bb2 Nc6 24. Qe2 a6 25. Rac1 Nd8 26. Bc4 Kh8 27. Rd2 f5 28. Nf2 Bg5 29. Rcd1 Bxd2 30. Qxd2 Nf7 31. Qe3 Rfe8 32. Nd3 f4 33. Qf2 Rcd8 34. Rd2 b5 35. Bxf7 Bxf7 36. c4 bxc4 37. Nxe5 Rxd2 38. Qxd2 Rxe5 39. Qxf4 Re1+ 0-1